[Event "Liga CS Jug 2017"]
[Site "Vlasotince"]
[Date "2017.??.??"]
[Round "14.4"]
[White "VUCETIC, Mirko"]
[Black "VULICEVIC, Bratimir"]
[Result "1/2-1/2"]
[WhiteElo "2045"]
[BlackElo "2131"]
[PlyCount "22"]
[EventDate "2017.09.03"]

1. d4 e6 2. Nf3 Nf6 3. Bg5 d5 4. e3 Be7 5. Nbd2 O-O 6. c3 Nbd7 7. a4 Re8 8. Bd3
Nf8 9. Ne5 N6d7 10. Bxe7 Rxe7 11. Nxd7 Bxd7 1/2-1/2